Statistics for Satanist - boygenius (Lyrics)

Click here to take the quiz!

General Stats

  • This quiz has been taken 22 times
  • The average score is 137 of 168

Answer Stats

Answer% Correct
a
100%
A
100%
am
100%
an
100%
and
100%
At
100%
be
100%
can
100%
cars
100%
fake
100%
find
100%
I
100%
If
100%
in
100%
initials
100%
kill
100%
least
100%
me?
100%
me
100%
my
100%
out
100%
paint
100%
Satanist
100%
Sleep
100%
Spray
100%
the
100%
The
100%
until
100%
Until
100%
what
100%
Will
100%
with
100%
You
100%
you
100%
anarchist
86%
ATM
86%
Devil's
86%
Florida
86%
From
86%
from
86%
had
86%
he
86%
holy
86%
home
86%
is
86%
know
86%
known
86%
man
86%
matters
86%
nothin'
86%
nothing
86%
of
86%
off
86%
off-brand
86%
on
86%
point
86%
score
86%
so
86%
Solomon
86%
some
86%
that's
86%
then
86%
to
86%
Tryin'
86%
Vacation
86%
when
86%
wrote
86%
bourgeoisie
71%
burn
71%
buy
71%
cash
71%
do?)
71%
"Ecclesiastes"
71%
ecstasy
71%
even
71%
Mortgage
71%
nihilist
71%
ourselves
71%
relief
71%
self-belief
71%
should
71%
smash
71%
soul
71%
stupidity
71%
treat
71%
your
71%
becomes
57%
bore
57%
collateral
57%
dreams
57%
(Oh
57%
old
57%
repossessin'
57%
TV
57%
void
57%
we'll
57%
wonder
57%
away
43%
continent
43%
drift
43%
edge
43%
far
43%
Leaning
43%
over
43%
seen
43%
seismic
43%
back
29%
come
29%
hang
29%
hard
29%
it
29%
It's
29%
pull
29%
slow
29%
under
29%
drags
14%

Score Distribution

Percentile by Number Answered

Percent of People with Each Score

Your Score History

You have not taken this quiz